|
|
|
|
| LEADER |
01734nam a2200457 i 4500 |
| 001 |
001493305 |
| 003 |
CZ BrMZK |
| 005 |
20151126162018.0 |
| 007 |
ta |
| 008 |
151021s1998 xo f b 001 0cslo |
| 020 |
|
|
|a 80-224-0573-6
|q (brožováno)
|
| 040 |
|
|
|a BOA001
|b cze
|e rda
|
| 043 |
|
|
|a e-xo---
|
| 045 |
|
|
|a x8x9
|
| 072 |
|
7 |
|a 80
|x Filologie
|2 Konspekt
|9 11
|
| 072 |
|
7 |
|a 01
|x Bibliografie. Katalogy
|2 Konspekt
|9 12
|
| 080 |
|
|
|a [80(=16)+908(4)]-051
|2 MRF
|
| 080 |
|
|
|a [80(=162.4)+908(437.6)]-051
|2 MRF
|
| 080 |
|
|
|a (437.6)
|2 MRF
|
| 080 |
|
|
|a 012
|2 MRF
|
| 100 |
1 |
|
|a Dvonč, Ladislav,
|d 1926-2003
|7 jn19990209170
|4 aut
|
| 245 |
1 |
0 |
|a Slovenskí jazykovedci :
|b súborná personálna bibliografia slovenských slovakistov a slavistov (1986-1995) /
|c Ladislav Dvonč
|
| 250 |
|
|
|a Prvé vydanie
|
| 264 |
|
1 |
|a Bratislava :
|b VEDA - Vydavateľstvo SAV,
|c 1998
|
| 300 |
|
|
|a 728 stran ;
|c 24 cm
|
| 336 |
|
|
|a text
|b txt
|2 rdacontent
|
| 337 |
|
|
|a bez média
|b n
|2 rdamedia
|
| 338 |
|
|
|a svazek
|b nc
|2 rdacarrier
|
| 500 |
|
|
|a V prelimináriích: Slovenská akadémia vied, Jazykovedný ústav Ľudovíta Štúra
|
| 504 |
|
|
|a Obsahuje bibliografie a rejstřík
|
| 648 |
|
4 |
|a 1986-1995
|
| 648 |
|
7 |
|a 20. století
|7 ch4605582
|2 czenas
|
| 650 |
0 |
7 |
|a slavisté
|7 ph116179
|z Slovensko
|y 20. století
|2 czenas
|
| 650 |
0 |
7 |
|a slovakisté
|7 ph201901
|z Slovensko
|y 20. století
|2 czenas
|
| 655 |
|
7 |
|a personální bibliografie
|7 fd133021
|2 czenas
|
| 710 |
2 |
|
|a Slovenská akadémia vied.
|b Jazykovedný ústav Ľudovíta Štúra
|7 kn20020424006
|4 isb
|
| 910 |
|
|
|a BOA001
|b 2-1355.320
|
| 928 |
9 |
|
|a Veda
|
| 990 |
|
|
|a BK
|
| 991 |
|
|
|b 201511
|
| 996 |
6 |
|
|b 2610648142
|c 2-1355.320
|l MZK
|r HSS 4p
|n 0
|p kupz
|h 811.162.4 SLO
|w 001528549
|u 000010
|a 0
|e BOA001
|j MZK50
|s P
|